000 00432nam a2200181Ia 4500
999 _c93484
_d93484
003 0100
005 20171017084507.0
008 130307s9999 xx 000 0 und d
040 _cARRUPELIB
050 _aB765.T53 1950
100 _aAquinatis, Thomae S
_937126
245 _aIn duodecim libros metaphysicorum Aristotelis expositio
260 _aMarietti
260 _bTaurini
260 _c1950
300 _a648p.
300 _b25cm.
600 _aAristotle
_xMetaphysics
_937127
942 _2lcc
_cMONOGRAPH